000 00619nam a2200217 4500
003 OSt
005 20240703074857.0
006 a
008 240703b |||||||| |||| 00| 0 eng d
020 _a9789715132510
040 _aDWCL-Main lib.
_cOC
082 _2First edition
_aFil. 150.287 Ap654p 2008
100 _aApruebo, Roxel A.
245 _aPsychometric tests /
250 _aFirst edition
260 _aManila :
_bEducational Pub. House,
_cc2008.
300 _axi,
_b385 p. ;
_c25 cm.
650 _a1. Psychological tests.
650 _a2. Ability-Testing.
942 _2ddc
_n0
_cBK - FIL
_eFirst edition
_kFil.
999 _c1896
_d1896